000 003900000a22001570004500
003 LK-CoMWRAF
008 230817t ||||| |||| 00| 0 eng d
040 _aLK-CoMWRAF
_dLK-CoMWRAF
_eLK-CoMWRAF
041 _aeng
082 _a160
_bJUD
245 _aJudgments of federal shariat court Islamabad Pakistan
_b
260 _b
_a
_c
300 _ap.p.v.
650 _aMuslim law
942 _cBK
999 _c2636
_d2636